| 000 | 00701cam a2200241Ia 4500 | ||
|---|---|---|---|
| 001 | 97443 | ||
| 005 | 20230411085746.0 | ||
| 008 | 960116t1956 iluabf 000 0 eng d | ||
| 035 | _a(OCoLC)ocm34040336 | ||
| 040 |
_aLWU _cLWU _dOCL |
||
| 035 | _a(OCoLC)34040336 | ||
| 049 | _aGRAL | ||
| 050 | 1 | 4 |
_aR AE 5 _bN532 1956 |
| 082 | 0 | 0 | _a031 |
| 245 | 0 | 0 |
_aNew standard encyclopedia : _borganized information : clear, concise, correct. |
| 260 |
_aChicago : _bStandard Education Society, _c1956. |
||
| 300 |
_av. <8>: _bill. ; _c22 cm. |
||
| 505 | 0 | _a[v. 8] : M | |
| 650 | 0 | _aEncyclopedias and dictionaries. | |
| 710 | 2 | _aStandard Educational Corporation. | |
| 942 |
_2lcc _cbk |
||
| 994 |
_aC0 _bDRFGD |
||
| 999 |
_c107063 _d107063 |
||